Bytový dom

Saved in:
Bibliographic Details
Main Author: Fecko, Tadeáš (Author)
Other Authors: Žilinský, Juraj (Thesis advisor)
Format: Manuscript Book
Language:Slovak
Published: 2020
Subjects:
Online Access:http://is.stuba.sk/zp/portal_zp.pl?podrobnosti=136993
https://opac.crzp.sk/?fn=detailBiblioForm&sid=551040C4B46A551A426FFFC2BF23
Tags: Add Tag
No Tags, Be the first to tag this record!

MARC

LEADER 00000ntm a22000003a 4500
001 stuzp78966
003 SK-STU
005 20230516153238.6
007 ta
008 150427s2015----xo-----f-mn---000-0-slo-d
040 |a STU  |b slo 
041 0 |a slo 
100 1 |a Fecko, Tadeáš  |u 010180  |4 aut  |U SvF Stavebná fakulta  |T SvF Katedra konštrukcií pozemných stavieb  |X 87548  |U V180  |Y 18  |7 87548 
242 0 1 |a Flat house  |y eng 
245 1 0 |a Bytový dom 
260 |c 2020 
650 4 |a Bytový dom  |2 slo 
650 4 |a projekt na realizáciu stavby  |2 slo 
650 4 |a bakalárska práca  |2 slo 
650 4 |a Residential house  |2 eng 
650 4 |a Construction project  |2 eng 
650 4 |a Bachelor´s thesis  |2 eng 
700 1 |a Žilinský, Juraj  |u 010180  |k Z1  |4 ths  |U SvF Stavebná fakulta  |T SvF Katedra konštrukcií pozemných stavieb  |X 556  |U V180  |Y 18  |7 A000000556 
856 4 |u http://is.stuba.sk/zp/portal_zp.pl?podrobnosti=136993 
856 4 |u https://opac.crzp.sk/?fn=detailBiblioForm&sid=551040C4B46A551A426FFFC2BF23